Informačná sústava v doprave
Enregistré dans:
| Auteur principal: | |
|---|---|
| Autres auteurs: | |
| Format: | Livre |
| Langue: | tchèque |
| Publié: |
Praha
Nakl. dopr. a spojů
1987
|
| Édition: | 1. vyd. |
| Tags: |
Pas de tags, Soyez le premier à ajouter un tag!
|
MARC
| LEADER | 00000nam a2200000 4500 | ||
|---|---|---|---|
| 001 | c024490 | ||
| 005 | 20240411081159.4 | ||
| 041 | 0 | |a cze | |
| 044 | |a CZ | ||
| 245 | 1 | 0 | |a Informačná sústava v doprave |c Stanislav Svoboda, Bohumil Král |
| 250 | |a 1. vyd. | ||
| 264 | 1 | |a Praha |b Nakl. dopr. a spojů |c 1987 | |
| 300 | |a 138 s. | ||
| 100 | 1 | |a Svoboda, Stanislav | |
| 700 | 1 | |a Král, Bohumil | |